[Event "IECC KO-3084"]
[Site "IECC email"]
[Date "2012.08.20"]
[Round "?"]
[White "Wenger, Joseph"]
[Black "Jordaan, Wayne"]
[Result "1/2-1/2"]
[WhiteElo "1662"]
[BlackElo "1837"]
[PlyCount "124"]
[EventDate "2012.??.??"]
[EventType "match (corr)"]
[EventRounds "2"]
[SourceTitle "Telechess CBM 165"]
[Source "ChessBase"]
[SourceDate "2015.03.11"]
[SourceVersion "1"]
[SourceVersionDate "2015.03.11"]
[SourceQuality "1"]
[WhiteTeam "US of America"]
[BlackTeam "South Africa"]
[WhiteTeamCountry "USA"]
[BlackTeamCountry "RSA"]

1. e4 c5 2. Nf3 d6 3. d4 cxd4 4. Nxd4 Nf6 5. Nc3 a6 6. Be2 e5 7. Nb3 Be7 8. 0-0 0-0 9. Kh1 Be6 10. f4 Qc7 11. f5 Bd7 12. Qd3 Bc6 13. Qg3 Kh8 14. Bd3 a5 15. Bg5 a4 16. Nd2 Na6 17. Bxa6 Rxa6 18. Qd3 Rc8 19. b3 Bd7 20. Rf3 a3 21. Bxf6 Bxf6 22. Rd1 b5 23. Nf1 Qc5 24. Nd5 Bg5 25. c3 Ra7 26. Nfe3 Rb7 27. Qe2 f6 28. Nc2 Be8 29. Rff1 Bf7 30. Ncb4 Qa7 31. g3 Qa5 32. Kg2 Qa8 33. h4 Bh6 34. Kh2 Rc5 35. Qf3 Qd8 36. Qg2 Rc8 37. Kh3 Be8 38. g4 Rf7 39. Rg1 g6 40. g5 Bg7 41. fxg6 hxg6 42. gxf6 Rxf6 43. Nxf6 Rxc3+ 44. Kh2 Qxf6 45. Qg5 Qf4+ 46. Qxf4 exf4 47. Rxd6 Re3 48. Nd3 Rxe4 49. Re1 Rxe1 50. Nxe1 Bf7 51. Nc2 Bf8 52. Ra6 Bc5 53. Nxa3 f3 54. Nxb5 Bd5 55. Kg3 Kg7 56. Ra4 Bc6 57. Rf4 Bxb5 58. Kxf3 Bd6 59. Rd4 Bc6+ 60. Ke2 Bc5 61. Rf4 Bd6 62. Rg4 Kf6 1/2-1/2

[Event "IECC Swiss-555.3"]
[Site "IECC email"]
[Date "2012.02.27"]
[Round "?"]
[White "Basson, Heinrich"]
[Black "Wenger, Joseph"]
[Result "1/2-1/2"]
[WhiteElo "1585"]
[BlackElo "1663"]
[PlyCount "58"]
[EventDate "2012.??.??"]
[EventType "swiss (corr)"]
[EventRounds "1"]
[SourceTitle "Telechess CBM 165"]
[Source "ChessBase"]
[SourceDate "2015.03.11"]
[SourceVersion "1"]
[SourceVersionDate "2015.03.11"]
[SourceQuality "1"]
[WhiteTeam "South Africa"]
[BlackTeam "US of America"]
[WhiteTeamCountry "RSA"]
[BlackTeamCountry "USA"]

1. d4 Nf6 2. c4 e6 3. Nc3 Bb4 4. a3 Bxc3+ 5. bxc3 c5 6. Nf3 0-0 7. e3 b6 8. Be2 Nc6 9. 0-0 Ba6 10. Bd3 d5 11. cxd5 Bxd3 12. Qxd3 exd5 13. dxc5 bxc5 14. c4 Rb8 15. Bd2 dxc4 16. Qxc4 Qe7 17. Bc3 Ne4 18. Ne5 Nxe5 19. Qxe4 Ng6 20. Qc4 Rfd8 21. Rab1 Rxb1 22. Rxb1 Qd6 23. h3 Qd3 24. Qxd3 Rxd3 25. Rb8+ Nf8 26. Bb2 Rd1+ 27. Kh2 Rb1 28. Be5 Rxb8 29. Bxb8 a6 1/2-1/2

[Event "IECC Swiss-552.4"]
[Site "IECC email"]
[Date "2012.01.15"]
[Round "?"]
[White "Basson, Heinrich"]
[Black "Wenger, Joseph"]
[Result "0-1"]
[WhiteElo "1614"]
[BlackElo "1664"]
[PlyCount "50"]
[EventDate "2012.??.??"]
[EventType "swiss (corr)"]
[EventRounds "1"]
[SourceTitle "Telechess CBM 165"]
[Source "ChessBase"]
[SourceDate "2015.03.11"]
[SourceVersion "1"]
[SourceVersionDate "2015.03.11"]
[SourceQuality "1"]
[WhiteTeam "South Africa"]
[BlackTeam "US of America"]
[WhiteTeamCountry "RSA"]
[BlackTeamCountry "USA"]

1. d4 Nf6 2. c4 e6 3. Nc3 Bb4 4. a3 Bxc3+ 5. bxc3 c5 6. e3 b6 7. Nf3 Bb7 8. Be2 0-0 9. 0-0 Nc6 10. Qc2 Na5 11. Nd2 d5 12. cxd5 Qxd5 13. f3 Rac8 14. Qd3 Qd7 15. Rb1 Rfd8 16. f4 cxd4 17. cxd4 Qc6 18. Bf3 Qc3 19. Qxc3 Rxc3 20. Bxb7 Nxb7 21. Re1 Na5 22. e4 Rc2 23. Nf3 Nc4 24. h3 Rc8 25. Kh2 Ra2 0-1

[Event "IECC KO-5080"]
[Site "IECC email"]
[Date "2011.11.01"]
[Round "?"]
[White "Wenger, Joseph"]
[Black "Llorente Alvarez, Jose Luis"]
[Result "0-1"]
[WhiteElo "1694"]
[BlackElo "2076"]
[PlyCount "78"]
[EventDate "2011.??.??"]
[EventType "match (corr)"]
[EventRounds "2"]
[SourceTitle "Telechess CBM 165"]
[Source "ChessBase"]
[SourceDate "2015.03.11"]
[SourceVersion "1"]
[SourceVersionDate "2015.03.11"]
[SourceQuality "1"]
[WhiteTeam "US of America"]
[BlackTeam "Spain"]
[WhiteTeamCountry "USA"]
[BlackTeamCountry "ESP"]

1. e4 e5 2. Nf3 Nc6 3. Bc4 Nf6 4. Ng5 d5 5. exd5 Na5 6. Bb5+ c6 7. dxc6 bxc6 8. Bd3 Nd5 9. h4 Nf4 10. Bf1 h6 11. Nf3 Bd6 12. d4 exd4 13. Qxd4 Ne6 14. Qc3 0-0 15. Bd2 Nb7 16. Be3 Nf4 17. Qxc6 Nd5 18. Nbd2 Nxe3 19. fxe3 Bg3+ 20. Kd1 Re8 21. Bc4 Bf2 22. e4 Nd6 23. Qxa8 Nxc4 24. Qc6 Nxd2 25. Nxd2 Bg4+ 26. Kc1 Be3 27. Qd5 Qf6 28. Qd3 Rb8 29. Rb1 Qb6 30. Re1 Bf2 31. Rf1 Rd8 32. Qxd8+ Qxd8 33. Rxf2 Qxh4 34. Rf1 Be2 35. Rg1 Qf2 36. Rh1 Qxg2 37. Re1 Qf2 38. Rh1 g5 39. e5 g4 0-1

[Event "IECC Swiss-547.4"]
[Site "IECC email"]
[Date "2011.06.29"]
[Round "?"]
[White "Wenger, Joseph"]
[Black "Bascetta, Biagio J"]
[Result "0-1"]
[WhiteElo "1706"]
[BlackElo "1841"]
[PlyCount "68"]
[EventDate "2011.??.??"]
[EventType "swiss (corr)"]
[EventRounds "1"]
[SourceTitle "Telechess CBM 145"]
[Source "Chessbase"]
[SourceDate "2011.11.11"]
[SourceVersion "1"]
[SourceVersionDate "2011.11.11"]
[SourceQuality "1"]
[WhiteTeam "US of America"]
[BlackTeam "Italy"]
[WhiteTeamCountry "USA"]
[BlackTeamCountry "ITA"]

1. e4 e6 2. d4 d5 3. Nc3 Bb4 4. e5 c5 5. Bd2 Ne7 6. a3 Bxc3 7. Bxc3 b6 8. Bb5+ Bd7 9. Bd3 Nbc6 10. f4 cxd4 11. Bd2 0-0 12. Nf3 f6 13. Qe2 fxe5 14. fxe5 Ng6 15. 0-0-0 Qc7 16. Bxg6 hxg6 17. Rhe1 Rac8 18. Kb1 b5 19. Bb4 Nxb4 20. axb4 a5 21. Rxd4 axb4 22. Rxb4 Qa5 23. Qd2 Ra8 24. c3 Rfc8 25. Rb3 Qa2+ 26. Kc2 Qa4 27. Nd4 Rc4 28. Rf1 Rac8 29. Rd1 b4 30. Qe1 bxc3 31. Ra1 Rxd4 32. Rxa4 Bxa4 33. bxc3 Rb4 34. Kd3 Rxb3 0-1

[Event "IECC Swiss-548.4"]
[Site "IECC email"]
[Date "2011.05.01"]
[Round "?"]
[White "Hasan, Khandakar Kayes"]
[Black "Wenger, Joseph"]
[Result "1-0"]
[WhiteElo "1760"]
[BlackElo "1757"]
[PlyCount "57"]
[EventDate "2011.??.??"]
[EventType "swiss (corr)"]
[EventRounds "1"]
[SourceTitle "Corr 2013"]
[Source "ChessBase"]
[SourceDate "2012.11.12"]
[SourceVersion "1"]
[SourceVersionDate "2012.11.12"]
[SourceQuality "1"]
[WhiteTeam "US of America"]
[BlackTeam "US of America"]
[WhiteTeamCountry "USA"]
[BlackTeamCountry "USA"]

1. e4 e6 2. c4 c5 3. Nc3 a6 4. Nf3 Qc7 5. d4 cxd4 6. Qxd4 Nc6 7. Qe3 Nf6 8. Be2 Bd6 9. h3 b6 10. 0-0 0-0 11. Rd1 Ne5 12. Nxe5 Bxe5 13. Na4 b5 14. Nb6 Rb8 15. Nxc8 Qxc8 16. c5 Qc6 17. f4 Bc7 18. e5 Nd5 19. Qd4 f6 20. Bd3 Rbe8 21. Be4 fxe5 22. fxe5 Qa8 23. Re1 Rc8 24. Bd2 Bb8 25. Rac1 Rf7 26. Qd3 h6 27. Kh1 Qc6 28. Qg3 Qc7 29. Bxh6 1-0

[Event "IECC KO-5079"]
[Site "IECC email"]
[Date "2011.04.30"]
[Round "?"]
[White "Wenger, Joseph"]
[Black "Spiljard, Jan"]
[Result "1-0"]
[WhiteElo "1733"]
[BlackElo "1541"]
[PlyCount "75"]
[EventDate "2011.??.??"]
[EventType "match (corr)"]
[EventRounds "2"]
[SourceTitle "Telechess CBM 145"]
[Source "Chessbase"]
[SourceDate "2011.11.11"]
[SourceVersion "1"]
[SourceVersionDate "2011.11.11"]
[SourceQuality "1"]
[WhiteTeam "US of America"]
[BlackTeam "Scotland"]
[WhiteTeamCountry "USA"]
[BlackTeamCountry "SCO"]

1. e4 c6 2. c4 d5 3. cxd5 cxd5 4. exd5 Nf6 5. Nc3 Nxd5 6. Nf3 Nc6 7. Bb5 Nxc3 8. bxc3 Qd5 9. Qe2 Bg4 10. Bc4 Qh5 11. d4 0-0-0 12. Bf4 e5 13. dxe5 g5 14. Bg3 Bxf3 15. gxf3 Bg7 16. 0-0 Rhe8 17. Qe4 Rxe5 18. Bxe5 Bxe5 19. Qg4+ Qxg4+ 20. fxg4 Bxc3 21. Rad1 Ne5 22. Rxd8+ Kxd8 23. Be2 Ng6 24. Bd3 Ke7 25. Rc1 Be5 26. Rc8 Kf6 27. Bxg6 fxg6 28. Rh8 h5 29. gxh5 gxh5 30. h4 gxh4 31. Rxh5 b6 32. Kg2 Ke6 33. Rxh4 Kf5 34. Kf3 Bd6 35. Rh5+ Kg6 36. Rd5 Bc5 37. Rxc5 bxc5 38. Ke4 1-0

[Event "IECC KO-3080"]
[Site "IECC email"]
[Date "2011.04.05"]
[Round "?"]
[White "Basson, Heinrich"]
[Black "Wenger, Joseph"]
[Result "1-0"]
[WhiteElo "1725"]
[BlackElo "1742"]
[PlyCount "51"]
[EventDate "2011.??.??"]
[EventType "match (corr)"]
[EventRounds "2"]
[SourceTitle "Telechess CBM 145"]
[Source "Chessbase"]
[SourceDate "2011.11.11"]
[SourceVersion "1"]
[SourceVersionDate "2011.11.11"]
[SourceQuality "1"]
[WhiteTeam "South Africa"]
[BlackTeam "US of America"]
[WhiteTeamCountry "RSA"]
[BlackTeamCountry "USA"]

1. d4 d5 2. c4 e6 3. Nc3 c6 4. Nf3 dxc4 5. e4 b5 6. Be2 Be7 7. Qc2 Nf6 8. 0-0 Nbd7 9. b3 c5 10. dxc5 Bxc5 11. e5 Ng4 12. Nxb5 cxb3 13. Qe4 Nxf2 14. Qxa8 Nd3+ 15. Kh1 b2 16. Bxb2 Nxb2 17. Qe4 0-0 18. Qc2 a6 19. Nd6 Ba3 20. Rab1 Nb6 21. Ne4 f5 22. exf6 gxf6 23. Qb3 f5 24. Qxa3 fxe4 25. Ng5 Rxf1+ 26. Rxf1 1-0